Sortie de secours / (Record no. 105659)

MARC details
000 -LEADER
campo de control de longitud fija 00578nam a2200193 i 4500
001 - NÚMERO DE CONTROL
campo de control 105659
003 - IDENTIFICADOR DE NÚMERO DE CONTROL
campo de control ES-MaACL
007 - CAMPO FIJO DE DESCRIPCIÓN FÍSICA--INFORMACIÓN GENERAL
campo de control de longitud fija t|
008 - DATOS DE LONGITUD FIJA--INFORMACIÓN GENERAL
campo de control de longitud fija 060802s1966 fr ||||1| fre d
080 ## - NÚMERO DE LA CLASIFICACIÓN DECIMAL UNIVERSAL
Número de la Clasificación Decimal Universal 330.85(45)
100 1# - ENTRADA PRINCIPAL--NOMBRE DE PERSONA
Nombre de persona Silone, Ignazio.
9 (RLIN) 106355
245 10 - MENCIÓN DEL TÍTULO
Título Sortie de secours /
Mención de responsabilidad, etc. Ignazio Silone ; traduit de l'italien par Michèle Causse.
260 ## - PUBLICACIÓN, DISTRIBUCIÓN, ETC.
Lugar de publicación, distribución, etc. Paris :
Nombre del editor, distribuidor, etc. Del Cuca,
Fecha de publicación, distribución, etc. 1966.
300 ## - DESCRIPCIÓN FÍSICA
Extensión 247 p. ;
Dimensiones 21 cm.
500 ## - NOTA GENERAL
Nota general Biblioteca Juan Andrade.
650 14 - PUNTO DE ACCESO ADICIONAL DE MATERIA--TÉRMINO DE MATERIA
Término de materia o nombre geográfico como elemento de entrada Comunismo-
Subdivisión geográfica Italia.
9 (RLIN) 11223
700 1# - ENTRADA AGREGADA--NOMBRE PERSONAL
Nombre de persona Causse, Michèle.
9 (RLIN) 37122
852 ## - LOCALIZACIÓN
Ubicación ES-MaACL
Número de control de estantería AND-475
Sublocalización o colección R.109778
Holdings
Estatus retirado Estado de pérdida Estado de daño No para préstamo Biblioteca de origen Biblioteca actual Ubicación en estantería Fecha de adquisición Fuente de adquisición Total de préstamos Signatura topográfica completa Código de barras Visto por última vez Precio de reemplazo Tipo de ítem Koha
        Biblioteca del Ateneo de Madrid Biblioteca del Ateneo de Madrid Depósito 2 17/01/2008     AND-475 1110311 23/02/2023 23/02/2023 Libro impreso